000 00330nam a22001217a 4500
003 SGT
082 _a301
_bL24P
100 _aपंकज, अशोक
245 _aलोहिया के सपनो का भारत
260 _bलोकभारती प्रकाशन
_c2024
300 _a199
942 _2ddc
_cBK
999 _c32067
_d32067